Dutch cities - Sudden Death - Statistics

General Stats
  • This quiz has been taken 51 times
  • The average score is 8 of 10
Answers on the Grid
Answers color-coded by a green-red scale on the quiz's grid according to % correct below.
Rotterdam
The Hague
Utrecht
Eindhoven
Zwolle
Maastricht
Gouda
Arnhem
Groningen
Oranjestad
Aarhus
Niigata
Oppdal
Aachen
Ghent
Metz
Mannheim
Plzen
Billund
Schaan
 
Answer Stats
Answer % Correct
Utrecht
98%
Eindhoven
96%
The Hague
94%
Rotterdam
89%
Maastricht
87%
Groningen
85%
Zwolle
81%
Arnhem
70%
Gouda
70%
Oranjestad
70%
No matching quizzes found
Score Distribution
Percent of People with Each Score
Percentile by Number Answered
Your Score History
You have not taken this quiz